Clubs finalistes de la Ligue des Champions de Football - Statistiques

Statistiques générales
  • Ce quiz a été pris 679 fois
  • Le résultat moyen est 28 sur 42
Statistiques - réponses
Club % Correct
Bayern Munich
99%
Manchester City
99%
Paris Saint-Germain
99%
Real Madrid
99%
FC Barcelone
98%
Borussia Dortmund
97%
Inter Milan
97%
Liverpool FC
97%
Manchester United
96%
Olympique de Marseille
96%
Chelsea FC
95%
AC Milan
94%
Juventus Turin
93%
Atlético Madrid
89%
FC Porto
86%
Tottenham Hotspur
84%
Ajax Amsterdam
82%
Arsenal FC
82%
Benfica SL
79%
AS Monaco
75%
Nottingham Forest
75%
Stade de Reims
70%
Étoile Rouge de Belgrade
69%
Aston Villa
68%
PSV Eindhoven
68%
Bayer Leverkusen
66%
Valence CF
62%
AS Saint-Étienne
59%
Celtic Glasgow
59%
Feyenoord Rotterdam
57%
Steaua Bucarest
54%
Hambourg SV
53%
AS Rome
51%
Partizan Belgrade
30%
ACF Fiorentina
25%
Club Bruges
24%
UC Sampdoria
22%
Leeds United
21%
Malmö FF
19%
Eintracht Francfort
18%
Borussia Mönchengladbach
15%
Panathinaïkos
11%
Aucun quiz correspondant
Distribution des résultats
% des personnes avec chaque résultat
Percentile par nombre de réponses
Votre historique - résultats
Vous n’avez pas pris ce quiz